[Event "8th HD Bank Cup 2018"]
[Site "Hanoi VIE"]
[Date "2018.03.11"]
[Round "3.22"]
[White "Sihite, Chelsie Monica Ignesias"]
[Black "Nguyen, Van Huy"]
[Result "0-1"]
[WhiteTitle "WIM"]
[BlackTitle "IM"]
[WhiteElo "2189"]
[BlackElo "2454"]
[WhiteFideId "7101198"]
[BlackFideId "12401064"]
[EventDate "2018.03.10"]

1. e4 c6 2. d4 d5 3. exd5 cxd5 4. Nf3 Nf6 5. c4 e6 6. Nc3 Bb4 7. cxd5 Nxd5 8.
Bd2 O-O 9. Bd3 Nc6 10. O-O Be7 11. Bb5 Bd7 12. Nxd5 exd5 13. h3 Qb6 14. Ba4 Bf5
15. Bc3 Bf6 16. Qb3 Be4 17. Qxb6 axb6 18. Bxc6 bxc6 19. Ne5 Rfc8 20. Rfe1 Ra7
21. f3 Bxe5 22. fxe4 Bd6 23. a3 f6 24. Kf2 Kf7 25. exd5 cxd5 26. Ke3 h5 27. Kd3
g5 28. Re2 Re8 29. Rxe8 Kxe8 30. a4 Kd7 31. b3 Ra8 32. Rf1 Ke6 33. Bd2 h4 34.
Re1+ Kd7 35. Rf1 Be7 36. Rf5 Ke6 37. Rf1 Rg8 38. b4 Ra8 39. a5 Bd8 40. Ra1 Kd7
41. Rc1 Ra7 42. axb6 Bxb6 43. Rf1 Bd8 44. Rb1 Ra3+ 45. Bc3 Ra2 46. Bb2 Be7 47.
Kc2 Ra6 48. b5 Re6 49. Kd3 Kc7 50. Ra1 Rb6 51. Ra5 Bb4 52. Ra7+ Rb7 53. Ra6 Be7
54. Ra5 Kd7 55. Bc3 Bd8 56. b6 Ke6 57. Ra7 Rxb6 58. Ba5 Rb3+ 59. Bc3 Be7 60. Kc2
Rb6 61. Ba5 Rc6+ 62. Kd2 Rc1 63. Ra6+ Kf5 64. Bc3 Rf1 65. Ra2 Bd6 66. Rc2 Bg3 0-1

[Event "8th HD Bank Cup 2018"]
[Site "Hanoi VIE"]
[Date "2018.03.11"]
[Round "3.23"]
[White "Dimakiling, Oliver"]
[Black "Zou, Chen"]
[Result "0-1"]
[WhiteTitle "IM"]
[BlackTitle "FM"]
[WhiteElo "2441"]
[BlackElo "2291"]
[WhiteFideId "5202248"]
[BlackFideId "8610959"]
[EventDate "2018.03.10"]

1. Nf3 Nf6 2. d4 d5 3. e3 e6 4. Bd3 c5 5. b3 Nc6 6. O-O Bd6 7. Bb2 O-O 8. Nbd2
Qe7 9. c4 cxd4 10. exd4 b6 11. a3 Bb7 12. Re1 Rac8 13. Nf1 Rfd8 14. Ne3 Bb8 15.
Qb1 Na5 16. cxd5 Nxb3 17. Ra2 g6 18. Qd1 Nxd5 19. Ng4 Nc3 0-1

[Event "8th HD Bank Cup 2018"]
[Site "Hanoi VIE"]
[Date "2018.03.11"]
[Round "3.24"]
[White "Lei, Tingjie"]
[Black "Le, Huu Thai"]
[Result "1-0"]
[WhiteTitle "GM"]
[BlackTitle "CM"]
[WhiteElo "2545"]
[BlackElo "2223"]
[WhiteFideId "8605114"]
[BlackFideId "12402460"]
[EventDate "2018.03.10"]

1. e4 e5 2. Nf3 Nc6 3. d4 exd4 4. Nxd4 Nf6 5. Nxc6 bxc6 6. e5 Qe7 7. Qe2 Nd5 8.
c4 Ba6 9. Nd2 g6 10. Nf3 Qb4+ 11. Kd1 Nb6 12. b3 h6 13. Qd2 O-O-O 14. Qxb4 Bxb4
15. Be3 Be7 16. Kc2 c5 17. Bd3 Bb7 18. Rae1 Rde8 19. Bd2 Bf8 20. h4 Bg7 21. Bc3
Rhg8 22. h5 g5 23. Bh7 Rh8 24. Bf5 Re7 25. a4 Bxf3 26. gxf3 Rhe8 27. a5 Na8 28.
Rd1 Rd8 29. Rd5 Kb8 30. Rhd1 c6 31. Rxd7 Rdxd7 32. Rxd7 Rxd7 33. Bxd7 Nc7 34.
Kd3 Ne6 35. Bxe6 fxe6 36. Ke4 a6 37. f4 gxf4 38. Kxf4 Kc7 39. Ke4 Kd7 40. Bd2
Ke8 41. f4 Kf7 42. f5 1-0

[Event "8th HD Bank Cup 2018"]
[Site "Hanoi VIE"]
[Date "2018.03.11"]
[Round "3.25"]
[White "Kathmale, Sameer"]
[Black "Sivuk, Vitaly"]
[Result "0-1"]
[WhiteTitle "IM"]
[BlackTitle "GM"]
[WhiteElo "2320"]
[BlackElo "2526"]
[WhiteFideId "5024498"]
[BlackFideId "14116502"]
[EventDate "2018.03.10"]

1. e4 c5 2. Nf3 Nc6 3. d4 cxd4 4. Nxd4 Qb6 5. Nb3 Nf6 6. Nc3 e6 7. Qe2 Bb4 8.
Bd2 O-O 9. a3 Be7 10. O-O-O d5 11. exd5 exd5 12. Be3 Qc7 13. g3 Bg4 14. f3 Be6
15. Nc5 Bxc5 16. Bxc5 Rfe8 17. Qf2 a6 18. Bg2 b5 19. Rhe1 b4 20. Bxb4 d4 21. Ne4
Nxe4 22. fxe4 Nxb4 23. axb4 a5 24. b5 a4 25. Qxd4 a3 26. bxa3 Rxa3 27. b6 Qc6
28. Re3 Ra4 0-1

[Event "8th HD Bank Cup 2018"]
[Site "Hanoi VIE"]
[Date "2018.03.11"]
[Round "3.26"]
[White "Nguyen, Anh Dung"]
[Black "Gomes, Mary Ann"]
[Result "1/2-1/2"]
[WhiteTitle "GM"]
[BlackTitle "WGM"]
[WhiteElo "2491"]
[BlackElo "2318"]
[WhiteFideId "12400025"]
[BlackFideId "5013623"]
[EventDate "2018.03.10"]

1. d4 f5 2. c4 Nf6 3. Nc3 e6 4. Nf3 Bb4 5. Bd2 O-O 6. g3 b6 7. Bg2 Bb7 8. O-O
Bxc3 9. Bxc3 Ne4 10. Qc2 Nxc3 11. Qxc3 Be4 12. Rfd1 d6 13. Ne1 Bxg2 14. Nxg2 Qe7
15. Qf3 Nd7 16. Nf4 g5 17. Nd3 Nf6 18. Qc6 Rae8 19. a4 e5 20. dxe5 dxe5 21. c5
Qf7 22. cxb6 cxb6 23. f3 e4 24. Nf2 Rc8 25. Qd6 Qb3 26. Rac1 Rxc1 27. Rxc1 exf3
28. exf3 Qxf3 29. Qe6+ Rf7 30. Rd1 Ne4 31. Rd8+ Kg7 32. Nd3 Qe3+ 33. Kg2 Qe2+
34. Kg1 Nxg3 35. Qe5+ Qxe5 36. Nxe5 Re7 37. Nc6 Ne2+ 38. Kf2 Rc7 39. Rd6 Nf4 40.
b4 Ng6 41. b5 Nf8 42. Rd8 Ne6 43. Ra8 Nc5 44. Nxa7 Nxa4 45. Nc6 Nc5 46. Nd4 Rd7
47. Nxf5+ Kg6 48. Ng3 Nb3 49. Rb8 Rd1 1/2-1/2

[Event "8th HD Bank Cup 2018"]
[Site "Hanoi VIE"]
[Date "2018.03.11"]
[Round "3.27"]
[White "Liu, Guanchu"]
[Black "Kulkarni, Bhakti"]
[Result "1-0"]
[WhiteTitle "IM"]
[BlackTitle "CM"]
[WhiteElo "2460"]
[BlackElo "2275"]
[WhiteFideId "8603901"]
[BlackFideId "5019516"]
[EventDate "2018.03.10"]

1. e4 e5 2. Nf3 Nc6 3. Nc3 Nf6 4. Bb5 d6 5. d4 exd4 6. Nxd4 Bd7 7. Bg5 Be7 8.
Nf5 Bxf5 9. exf5 O-O 10. O-O Qd7 11. g4 a6 12. Be2 Rfe8 13. Bf4 Bf8 14. Bf3 Rab8
15. Bg2 h6 16. h3 Rbd8 17. Nd5 Nxd5 18. Qxd5 Be7 19. c3 Bf6 20. Rfe1 Re7 21.
Rxe7 Qxe7 22. Bd2 Qe5 23. f4 Qxd5 24. Bxd5 Ne7 25. Bb3 d5 26. Re1 d4 27. Re2 d3
28. Re4 Bh4 29. f6 Nc8 30. fxg7 Kxg7 31. g5 c5 32. gxh6+ Kh7 33. f5 Bf6 34. Bxf7
Nd6 35. Bg6+ Kh8 36. Re6 Ne4 37. Bf4 Rf8 38. b3 d2 39. Bh5 Bxc3 1-0

[Event "8th HD Bank Cup 2018"]
[Site "Hanoi VIE"]
[Date "2018.03.11"]
[Round "3.29"]
[White "Raja, Harshit"]
[Black "Abelgas, Roel"]
[Result "1/2-1/2"]
[WhiteTitle "IM"]
[BlackTitle "FM"]
[WhiteElo "2444"]
[BlackElo "2273"]
[WhiteFideId "5089000"]
[BlackFideId "5200970"]
[EventDate "2018.03.10"]

1. e4 c6 2. Nc3 d5 3. Nf3 Bg4 4. h3 Bxf3 5. Qxf3 e6 6. Be2 g6 7. d4 Bg7 8. Bf4
Nf6 9. O-O-O dxe4 10. Nxe4 Nxe4 11. Qxe4 Qd5 12. Qxd5 cxd5 13. g4 Nc6 14. c3
O-O-O 15. h4 h6 16. Be3 e5 17. h5 exd4 18. cxd4 g5 19. Rhf1 Rhe8 20. Bd3 Kc7 21.
Bf5 Re7 22. Kc2 Rde8 23. Kd3 Kd6 24. a3 a6 25. Rc1 Bh8 26. Rc2 Na5 27. Bd2 Nc6 1/2-1/2

[Event "8th HD Bank Cup 2018"]
[Site "Hanoi VIE"]
[Date "2018.03.11"]
[Round "3.30"]
[White "Piasetski, Leon"]
[Black "Czebe, Attila"]
[Result "1/2-1/2"]
[WhiteTitle "IM"]
[BlackTitle "GM"]
[WhiteElo "2258"]
[BlackElo "2436"]
[WhiteFideId "2600072"]
[BlackFideId "705268"]
[EventDate "2018.03.10"]

1. Nf3 g6 2. d4 Nf6 3. b3 Bg7 4. Bb2 O-O 5. e3 d6 6. Be2 e5 7. dxe5 Nfd7 8. O-O
dxe5 9. Qc1 Re8 10. Rd1 a5 11. Nc3 Na6 12. a4 Nac5 13. Nb5 f6 14. Nd2 Bf8 15.
Nc4 b6 16. Bf3 e4 17. Bg4 Bb7 18. Qd2 Bc6 19. Qc3 Bg7 20. Nca3 Qe7 21. Qc4+ Kh8
22. Nd4 Bb7 23. Ne6 Nxe6 24. Bxe6 1/2-1/2

[Event "8th HD Bank Cup 2018"]
[Site "Hanoi VIE"]
[Date "2018.03.11"]
[Round "3.31"]
[White "Mithil, Ajgaonkar"]
[Black "Vo, Thi Kim Phung"]
[Result "1-0"]
[BlackTitle "WGM"]
[WhiteElo "2222"]
[BlackElo "2425"]
[WhiteFideId "5017343"]
[BlackFideId "12401838"]
[EventDate "2018.03.10"]

1. d4 Nf6 2. c4 e6 3. Nf3 Bb4+ 4. Bd2 Qe7 5. g3 O-O 6. Bg2 Bxd2+ 7. Qxd2 d6 8.
Nc3 Nbd7 9. O-O c6 10. e4 e5 11. b3 Re8 12. Rfe1 Nf8 13. Nh4 g6 14. Rad1 Ne6 15.
Nf3 Nc7 16. h3 Nh5 17. Na4 Na6 18. Nb2 f6 19. c5 dxc5 20. dxe5 fxe5 21. Nc4 Qf6
22. Qc3 Nc7 23. Nd6 Re7 24. Qxc5 Na6 25. Qc3 Be6 26. Nxb7 Rf8 27. Nd8 Bc8 28.
Qxc6 Bd7 29. Qxf6 Nxf6 30. Nb7 Nb4 31. Nc5 Bb5 32. Rd2 Rc8 33. Na4 Bxa4 34. bxa4
Rc3 35. Rd6 Kg7 36. Ng5 Ne8 37. Rd2 Nf6 38. Rb1 a5 39. Rd6 Ne8 40. Rb6 Nc7 41.
h4 h6 42. Nf3 Ne8 43. Rb5 Nc6 44. h5 g5 1-0

[Event "8th HD Bank Cup 2018"]
[Site "Hanoi VIE"]
[Date "2018.03.11"]
[Round "3.32"]
[White "Alfred, Nathan S W"]
[Black "Tu, Hoang Thong"]
[Result "0-1"]
[WhiteTitle "FM"]
[BlackTitle "GM"]
[WhiteElo "2208"]
[BlackElo "2414"]
[WhiteFideId "407739"]
[BlackFideId "12400076"]
[EventDate "2018.03.10"]

1. d4 e6 2. e4 d5 3. Nc3 Bb4 4. e5 b6 5. a3 Bxc3+ 6. bxc3 Qd7 7. Qg4 f5 8. Qg3
Ba6 9. Bxa6 Nxa6 10. Ne2 O-O-O 11. a4 Kb7 12. O-O h6 13. Ba3 g5 14. Rfb1 f4 15.
Qh3 h5 16. a5 Ra8 17. Qd3 Nh6 18. c4 dxc4 19. Qxc4 Nf5 20. Rb3 Rhd8 21. Bb2 Qd5
22. Qd3 Nh4 23. f3 Nf5 24. c4 Qc6 25. d5 Qd7 26. Bd4 Nxd4 27. Qxd4 c5 28. Qb2
exd5 29. axb6 dxc4 30. Rb5 Nb4 31. Rxc5 Qd1+ 0-1

[Event "8th HD Bank Cup 2018"]
[Site "Hanoi VIE"]
[Date "2018.03.11"]
[Round "3.33"]
[White "Quizon, Daniel"]
[Black "Vogt, Lothar"]
[Result "0-1"]
[BlackTitle "GM"]
[WhiteElo "2204"]
[BlackElo "2402"]
[WhiteFideId "5217911"]
[BlackFideId "4611292"]
[EventDate "2018.03.10"]

1. e4 c5 2. Nc3 g6 3. g3 Nc6 4. Bg2 Bg7 5. d3 e6 6. Be3 Nd4 7. Nge2 Ne7 8. O-O
O-O 9. a3 d6 10. Rb1 Rb8 11. b4 b6 12. f4 Bb7 13. bxc5 bxc5 14. Bf2 Qa5 15. Nxd4
Bxd4 16. Bxd4 cxd4 17. Nb5 Qb6 18. Nc3 Qc5 19. Ne2 Bc6 20. Qd2 f5 21. Kh1 e5 22.
c3 dxc3 23. Qxc3 Qxc3 24. Nxc3 exf4 25. gxf4 Rxb1 26. Nxb1 Bb5 27. Rd1 Rc8 28.
e5 dxe5 29. fxe5 Bxd3 30. Nd2 Rc3 31. Ra1 Kf7 32. Nf3 h6 33. Nd4 Rc4 34. Nb5 Ra4
35. Nd6+ Ke6 36. Nb7 Rc4 37. Rd1 Kxe5 38. Rxd3 Rc1+ 39. Bf1 Rxf1+ 40. Kg2 Ra1
41. Re3+ Kf6 42. Nd8 Nd5 0-1

[Event "8th HD Bank Cup 2018"]
[Site "Hanoi VIE"]
[Date "2018.03.11"]
[Round "3.34"]
[White "Hoang, Canh Huan"]
[Black "Luong, Phuong Hanh"]
[Result "1-0"]
[WhiteTitle "FM"]
[BlackTitle "WIM"]
[WhiteElo "2402"]
[BlackElo "2192"]
[WhiteFideId "12400599"]
[BlackFideId "12401013"]
[EventDate "2018.03.10"]

1. e4 c5 2. Nc3 g6 3. Nf3 Bg7 4. d4 cxd4 5. Nxd4 Nc6 6. Be3 Nf6 7. Bc4 O-O 8.
Bb3 Ng4 9. Qxg4 Nxd4 10. Qd1 Nc6 11. Qd2 Re8 12. h4 h5 13. O-O-O d6 14. f3 Ne5
15. Qf2 Qa5 16. g4 hxg4 17. f4 Nf3 18. Rd5 Qa6 19. h5 Be6 20. hxg6 Rec8 21. f5
Rxc3 22. fxe6 Rxb3 23. gxf7+ Kf8 24. Rdh5 Bxb2+ 25. Kd1 Rd3+ 26. cxd3 Qxd3+ 27.
Bd2 Qb1+ 28. Ke2 Qxe4+ 29. Qe3 Qc4+ 30. Kf2 Bd4 31. Rh8+ Kg7 32. Rxa8 Bxe3+ 33.
Bxe3 g3+ 34. Kxg3 1-0

[Event "8th HD Bank Cup 2018"]
[Site "Hanoi VIE"]
[Date "2018.03.11"]
[Round "3.35"]
[White "Nguyen, Phuoc Tam"]
[Black "Bui, Vinh"]
[Result "0-1"]
[BlackTitle "GM"]
[WhiteElo "2169"]
[BlackElo "2400"]
[WhiteFideId "12402109"]
[BlackFideId "12400726"]
[EventDate "2018.03.10"]

1. g3 e5 2. Bg2 Nf6 3. d3 d5 4. a3 a5 5. Nd2 Be7 6. e4 dxe4 7. dxe4 O-O 8. Ngf3
Nbd7 9. O-O c6 10. b3 Qc7 11. Bb2 Re8 12. Qe2 b6 13. Nh4 Bc5 14. Kh1 Bd4 15.
Bxd4 exd4 16. f4 Ba6 17. Nc4 Nxe4 18. Bxe4 Nf6 19. Bxh7+ Nxh7 20. Qd3 Nf8 21.
Rae1 c5 22. h3 b5 23. Ne5 b4 24. Nc4 bxa3 25. Nf3 a4 26. Nfe5 axb3 27. Qxb3 Reb8
28. Qd3 a2 29. Kh2 Nd7 30. Ra1 0-1

[Event "8th HD Bank Cup 2018"]
[Site "Hanoi VIE"]
[Date "2018.03.11"]
[Round "3.36"]
[White "Sammed Jaykumar, Shete"]
[Black "Pham, Thi Thu Hien"]
[Result "1-0"]
[WhiteElo "2382"]
[BlackElo "2138"]
[WhiteFideId "5073421"]
[BlackFideId "12402575"]
[EventDate "2018.03.10"]

1. e4 c5 2. c3 d5 3. exd5 Qxd5 4. d4 Nc6 5. Nf3 e6 6. Bd3 cxd4 7. cxd4 Nf6 8.
Nc3 Qd6 9. O-O a6 10. Bg5 Be7 11. Rc1 O-O 12. Bb1 Rd8 13. Qc2 Nb4 14. Qe2 Nbd5
15. Ne5 h6 16. Bd2 Nxc3 17. bxc3 Bd7 18. Bf4 Bb5 19. c4 Qxd4 20. Bxh6 Ba4 21.
Bg5 Rac8 22. Rfe1 Ba3 23. Bxf6 gxf6 24. Nxf7 Kxf7 25. Qxe6+ Kg7 26. Qh3 Rh8 27.
Qxa3 Be8 28. Qe7+ Bf7 29. Re4 1-0

[Event "8th HD Bank Cup 2018"]
[Site "Hanoi VIE"]
[Date "2018.03.11"]
[Round "3.37"]
[White "Looi, Xin Hao"]
[Black "Cao, Sang"]
[Result "0-1"]
[BlackTitle "GM"]
[WhiteElo "2104"]
[BlackElo "2381"]
[WhiteFideId "5702828"]
[BlackFideId "725056"]
[EventDate "2018.03.10"]

1. e4 c5 2. Nf3 Nc6 3. Bb5 g6 4. Bxc6 dxc6 5. d3 Bg7 6. h3 b6 7. Nc3 e5 8. Be3
Qd6 9. Qd2 h6 10. Nh2 Be6 11. O-O-O O-O-O 12. f3 f5 13. Qf2 Nf6 14. Rhe1 f4 15.
Bd2 g5 16. a4 Kb7 17. Nb1 Qd4 18. Qe2 Qxa4 19. Bc3 Nd7 20. b3 Qa6 21. Bb2 b5 22.
Nc3 Qb6 23. Kd2 a5 24. Ra1 Ra8 25. Reb1 Kc7 26. Nd1 h5 27. Kc1 Bf6 28. Nf2 Ra6
29. Nf1 Rha8 30. Nd1 a4 31. bxa4 Rxa4 32. Rxa4 Rxa4 33. Nd2 Ra8 34. Ra1 Rxa1+
35. Bxa1 Qa7 36. Bb2 Be7 37. c4 b4 38. Nb3 Bd6 39. Qf2 Qa4 40. Qc2 g4 41. hxg4
hxg4 42. fxg4 Bxg4 43. Nf2 Be6 44. Nd2 Qa8 45. Qd1 Be7 46. Nf3 Kd6 47. Kc2 Bf6
48. Qh1 Qg8 49. Qf1 Nb6 50. Kb3 0-1

[Event "8th HD Bank Cup 2018"]
[Site "Hanoi VIE"]
[Date "2018.03.11"]
[Round "3.38"]
[White "Taher, Yoseph Theolifus"]
[Black "Pratyusha, Bodda"]
[Result "1-0"]
[WhiteTitle "FM"]
[BlackTitle "WIM"]
[WhiteElo "2375"]
[BlackElo "2164"]
[WhiteFideId "7105347"]
[BlackFideId "5000629"]
[EventDate "2018.03.10"]

1. e4 e5 2. Nf3 Nc6 3. d4 exd4 4. Nxd4 Nf6 5. Nxc6 bxc6 6. Qe2 Qe7 7. Nc3 d5 8.
exd5 Nxd5 9. Bd2 Qxe2+ 10. Bxe2 Bb4 11. Bf3 O-O 12. O-O-O Bxc3 13. Bxc3 Nxc3 14.
bxc3 Be6 15. Bxc6 Rad8 16. a3 f6 17. Rd4 Kf7 18. Rhd1 1-0

[Event "8th HD Bank Cup 2018"]
[Site "Hanoi VIE"]
[Date "2018.03.11"]
[Round "3.39"]
[White "Chen, Qi b"]
[Black "Nguyen, Quoc Hy"]
[Result "1-0"]
[BlackTitle "CM"]
[WhiteElo "2359"]
[BlackElo "2039"]
[WhiteFideId "8614733"]
[BlackFideId "12410853"]
[EventDate "2018.03.10"]

1. e4 c5 2. Nf3 e6 3. Nc3 a6 4. Be2 Qc7 5. O-O Nf6 6. d4 cxd4 7. Nxd4 Nc6 8. Be3
Bb4 9. Nxc6 bxc6 10. f4 d5 11. e5 Nd7 12. Na4 f6 13. exf6 Nxf6 14. Nb6 Rb8 15.
Nxc8 Rxc8 16. Bxa6 Ra8 17. Bd3 O-O 18. c3 Bd6 19. Qf3 c5 20. Qh3 Rae8 21. Rae1
Re7 22. Bc1 c4 23. Bb1 Rfe8 24. Kh1 Qb8 25. Re2 Qc7 26. a3 Qb8 27. Bc2 Qc7 28.
Qh4 e5 29. fxe5 Rxe5 30. Rxe5 Rxe5 31. Bg5 Ne4 32. Be3 Qe7 33. Qxe7 Rxe7 34.
Bxe4 Rxe4 35. Bd4 Re2 36. Rb1 Kf7 37. Kg1 g6 38. a4 Bc7 39. b3 cxb3 40. Rxb3 Ke6
41. Rb7 Kd6 42. Ra7 Ra2 43. g3 Kc6 44. Ra8 Kd6 45. Rh8 Rxa4 46. Rxh7 Ra1+ 47.
Kg2 Re1 48. Kf3 Bd8 49. h4 Kc6 50. Rh6 Re6 51. h5 Kd7 52. hxg6 Bf6 53. g7 Bxg7
54. Bxg7 1-0

[Event "8th HD Bank Cup 2018"]
[Site "Hanoi VIE"]
[Date "2018.03.11"]
[Round "3.40"]
[White "Vatsal, Singhania"]
[Black "Wang, Jue"]
[Result "0-1"]
[BlackTitle "WGM"]
[WhiteElo "2090"]
[BlackElo "2354"]
[WhiteFideId "25033972"]
[BlackFideId "8604070"]
[EventDate "2018.03.10"]

1. e4 c5 2. Nf3 d6 3. d4 cxd4 4. Nxd4 Nf6 5. Nc3 a6 6. Be3 Ng4 7. Bg5 h6 8. Bh4
g5 9. Bg3 Bg7 10. Be2 h5 11. h4 gxh4 12. Rxh4 Nc6 13. Nb3 Be6 14. Qd2 Qb6 15.
Nd5 Bxd5 16. exd5 Nce5 17. Bxg4 hxg4 18. Rxh8+ Bxh8 19. Bxe5 Bxe5 20. O-O-O Rc8
21. c3 Qb4 22. Nd4 Qc4 23. Qg5 Qxd5 24. Qg8+ Kd7 25. Qxg4+ Kc7 26. Nf3 Qc6 27.
Nxe5 dxe5 28. f4 Qa4 29. Rd2 Rh8 30. b3 Qxf4 31. Qd7+ Kb8 32. Qxe7 Rh1+ 33. Kc2
Qe4+ 34. Kb2 0-1

[Event "8th HD Bank Cup 2018"]
[Site "Hanoi VIE"]
[Date "2018.03.11"]
[Round "3.41"]
[White "Tran, Le Dan Thuy"]
[Black "Setyaki, Azarya Jodi"]
[Result "0-1"]
[WhiteTitle "WFM"]
[BlackTitle "FM"]
[WhiteElo "2036"]
[BlackElo "2331"]
[WhiteFideId "12403407"]
[BlackFideId "7101589"]
[EventDate "2018.03.10"]

1. d4 Nf6 2. Nf3 g6 3. c4 Bg7 4. Nc3 d5 5. Bg5 Ne4 6. Bf4 Nxc3 7. bxc3 c5 8. e3
O-O 9. Qb3 cxd4 10. cxd4 Qa5+ 11. Nd2 dxc4 12. Bxc4 Nc6 13. Rd1 e5 14. dxe5 Nxe5
15. Bxe5 Qxe5 16. f4 Qe7 17. O-O Bg4 18. Rde1 Rac8 19. h3 Bd7 20. e4 b5 21. Bd5
Rc3 22. Qb1 Bd4+ 23. Kh2 Qh4 24. Nf3 Qxf4+ 25. g3 Qh6 26. h4 Be5 27. Kg2 Qh5 28.
Rc1 Qg4 29. Rxc3 Qxg3+ 30. Kh1 Bxc3 31. Qd1 Bg4 32. Qd3 Qh3+ 33. Kg1 Bxf3 0-1

[Event "8th HD Bank Cup 2018"]
[Site "Hanoi VIE"]
[Date "2018.03.11"]
[Round "3.42"]
[White "Vishnu Prasanna, V"]
[Black "Thipsay, Bagyashree Sathe"]
[Result "1-0"]
[WhiteTitle "GM"]
[BlackTitle "WIM"]
[WhiteElo "2526"]
[BlackElo "2000"]
[WhiteFideId "5030692"]
[BlackFideId "5001013"]
[EventDate "2018.03.10"]

1. e4 c6 2. d4 d5 3. e5 Bf5 4. Nf3 e6 5. Be2 Nd7 6. O-O Bg6 7. c3 Nh6 8. Nbd2
Be7 9. a4 O-O 10. a5 f6 11. a6 b6 12. Nb3 fxe5 13. dxe5 c5 14. c4 d4 15. Bxh6
gxh6 16. Nc1 Qc7 17. Nd3 Rf7 18. Qd2 Bf8 19. Nf4 Nxe5 20. Nxe6 Qd6 21. Nxe5 Qxe5
22. Bg4 Bd6 23. f4 Qf6 24. Rae1 Bf5 25. Qd1 Re7 26. Bxf5 Qxf5 27. g4 Qf7 28. f5
Kh8 29. Qf3 Rg8 30. Kh1 Qf6 31. Re4 Rf7 32. Rf2 Rb8 33. Qe2 Rd7 34. Rf3 Re7 35.
Qd2 Qh4 36. Qg2 Qf6 37. Rh3 b5 38. cxb5 Rxb5 39. Qd2 Qf7 40. Rxh6 Qg8 41. Rf6
Rf7 42. Rxf7 Qxf7 43. Qg5 Rb8 44. b4 cxb4 45. Rxd4 Be7 46. Qf4 Qe8 47. Qe5+ 1-0

[Event "8th HD Bank Cup 2018"]
[Site "Hanoi VIE"]
[Date "2018.03.11"]
[Round "3.43"]
[White "Raja, Rithvik R"]
[Black "Hoang, Thi Bao Tram"]
[Result "1-0"]
[WhiteTitle "FM"]
[BlackTitle "WGM"]
[WhiteElo "2227"]
[BlackElo "2410"]
[WhiteFideId "35007394"]
[BlackFideId "12401102"]
[EventDate "2018.03.10"]

1. d4 d5 2. c4 e6 3. Nf3 Nf6 4. g3 Bb4+ 5. Bd2 Be7 6. Bg2 O-O 7. O-O c6 8. Qc2
b6 9. Bf4 Bb7 10. Rd1 Nbd7 11. Ne5 Rc8 12. Nc3 Nh5 13. Bc1 f5 14. Qa4 a6 15.
Nxd7 b5 16. Nxf8 bxa4 17. Nxe6 Qd7 18. Nc5 Bxc5 19. dxc5 Nf6 20. Nxa4 Qe6 21.
Bg5 Ne4 22. cxd5 cxd5 23. Be3 Rd8 24. Nb6 Bc6 25. Bd4 Rf8 26. e3 g5 27. f3 Nf6
28. f4 Ne4 29. b4 h5 30. fxg5 Nxg5 31. a4 h4 32. b5 f4 33. exf4 Nh3+ 34. Bxh3
Qxh3 35. bxc6 hxg3 36. Rd2 Kf7 37. hxg3 1-0

[Event "8th HD Bank Cup 2018"]
[Site "Hanoi VIE"]
[Date "2018.03.11"]
[Round "3.44"]
[White "Rathnakaran, K."]
[Black "Dixit, Nikhil"]
[Result "1/2-1/2"]
[WhiteTitle "IM"]
[WhiteElo "2395"]
[BlackElo "2251"]
[WhiteFideId "5005507"]
[BlackFideId "5059534"]
[EventDate "2018.03.10"]

1. e4 g6 2. d4 Bg7 3. Nc3 c6 4. Nf3 d6 5. a4 Nf6 6. Bd3 O-O 7. Bf4 Nh5 8. Bg5
Bg4 9. Ne2 h6 10. Be3 Bxf3 11. gxf3 c5 12. Qd2 cxd4 13. Bxh6 Nc6 14. Bxg7 Kxg7
15. f4 Qa5 16. c3 dxc3 17. bxc3 d5 18. e5 d4 19. Rg1 dxc3 20. Qe3 Nb4 21. Bxg6
fxg6 22. Qe4 Qb6 23. a5 Nxf4 24. Nxf4 Rxf4 1/2-1/2

[Event "8th HD Bank Cup 2018"]
[Site "Hanoi VIE"]
[Date "2018.03.11"]
[Round "3.45"]
[White "Manush, Shah"]
[Black "Zhang, Ziji"]
[Result "1/2-1/2"]
[WhiteElo "2202"]
[BlackElo "2374"]
[WhiteFideId "5040680"]
[BlackFideId "8609470"]
[EventDate "2018.03.10"]

1. d4 d5 2. c4 e6 3. Nf3 Nf6 4. e3 c6 5. b3 Nbd7 6. Bd3 b6 7. O-O Bb7 8. Bb2 Be7
9. Nc3 O-O 10. Re1 Qc7 11. Qc2 h6 12. Rad1 Rad8 13. cxd5 exd5 14. e4 dxe4 15.
Nxe4 Rfe8 16. Ne5 Nd5 17. Bc4 1/2-1/2

[Event "8th HD Bank Cup 2018"]
[Site "Hanoi VIE"]
[Date "2018.03.11"]
[Round "3.46"]
[White "Le, Minh Hoang"]
[Black "Pham, Le Thao Nguyen"]
[Result "0-1"]
[WhiteTitle "CM"]
[BlackTitle "IM"]
[WhiteElo "2184"]
[BlackElo "2354"]
[WhiteFideId "12404683"]
[BlackFideId "12401226"]
[EventDate "2018.03.10"]

1. Nf3 d5 2. d4 Nf6 3. e3 c6 4. c4 Bf5 5. Nc3 e6 6. Nh4 Be4 7. f3 Bg6 8. g3 Nbd7
9. Bd2 Be7 10. Be2 Qc7 11. Rc1 dxc4 12. Bxc4 Nb6 13. Be2 Qd7 14. O-O Rd8 15.
Nxg6 hxg6 16. f4 O-O 17. Be1 c5 18. dxc5 Bxc5 19. Bf2 Qe7 20. Qc2 Rc8 21. Bf3 a6
22. Qb3 Rc7 23. Ne2 Nbd7 24. Qa4 Rfc8 25. b4 Bxb4 26. Bxb7 Nb6 27. Qxa6 Rxb7 28.
Rxc8+ Nxc8 29. Rb1 Nd6 30. Nd4 Bc5 31. Nb3 Ng4 32. Rd1 Bb4 33. Qa8+ Kh7 34. Nd4
Nxf2 35. Kxf2 Ra7 36. Qb8 Rxa2+ 37. Ne2 Bc5 38. Rc1 Qa7 39. Qd8 f6 40. Kf1 Qa6 0-1

[Event "8th HD Bank Cup 2018"]
[Site "Hanoi VIE"]
[Date "2018.03.11"]
[Round "3.47"]
[White "Kulkarni, Vinayak"]
[Black "Kunal, M."]
[Result "0-1"]
[WhiteElo "2161"]
[BlackElo "2340"]
[WhiteFideId "5021332"]
[BlackFideId "5018250"]
[EventDate "2018.03.10"]

1. d4 Nf6 2. c4 e6 3. Nc3 Bb4 4. e3 O-O 5. Bd3 c5 6. Nf3 d5 7. O-O Nc6 8. a3
Bxc3 9. bxc3 dxc4 10. Bxc4 Qc7 11. a4 Rd8 12. Qe2 b6 13. Ba3 Bb7 14. Ba6 Bxa6
15. Qxa6 e5 16. Rfc1 Na5 17. Rab1 Nd7 18. Qd3 Re8 19. Qf5 Nc4 20. Bb2 e4 21. Ng5
Nf6 22. Re1 Rad8 23. Nh3 Rd5 24. Qf4 Qd7 25. a5 Nxa5 26. c4 Nxc4 27. Bc3 Rf5 28.
Qg3 Nd5 29. Ba1 Rf6 30. Ng5 Rg6 31. dxc5 h6 32. h4 hxg5 33. h5 Rh6 34. cxb6
Ncxb6 35. Qxg5 f6 36. Qh4 g5 37. Qg3 Rxh5 38. f3 exf3 39. e4 Nf4 40. Qxf3 Qh7
41. Kf2 Rh2 42. Qb3+ Qf7 43. Bxf6 Rxg2+ 44. Kf3 Nc4 0-1